Bharatiy sabhyata aur samskrati (Record no. 119618)
[ view plain ]
| 000 -LEADER | |
|---|---|
| fixed length control field | 00721nam a2200253Ia 4500 |
| 003 - CONTROL NUMBER IDENTIFIER | |
| control field | OSt |
| 005 - DATE AND TIME OF LATEST TRANSACTION | |
| control field | 20240813105054.0 |
| 008 - FIXED-LENGTH DATA ELEMENTS--GENERAL INFORMATION | |
| fixed length control field | 210210b2012 xxu||||| |||| 00| 0 eng d |
| 020 ## - INTERNATIONAL STANDARD BOOK NUMBER | |
| International Standard Book Number | 9788187445906 |
| 040 ## - CATALOGING SOURCE | |
| Transcribing agency | AL |
| 041 ## - LANGUAGE CODE | |
| Language code of text/sound track or separate title | Hindi |
| 082 ## - DEWEY DECIMAL CLASSIFICATION NUMBER | |
| Classification number | H891.8 SHUB |
| 100 ## - MAIN ENTRY--PERSONAL NAME | |
| Personal name | SHUKLA (Manju) |
| Dates associated with a name | मंजू शुक्ला |
| 9 (RLIN) | 176841 |
| 245 ## - TITLE STATEMENT | |
| Title | Bharatiy sabhyata aur samskrati |
| Remainder of title | भारतीय सब्यता और संस्कृति |
| 260 ## - PUBLICATION, DISTRIBUTION, ETC. | |
| Place of publication, distribution, etc. | Jaipur |
| Name of publisher, distributor, etc. | - |
| Date of publication, distribution, etc. | 2012 |
| 300 ## - PHYSICAL DESCRIPTION | |
| Extent | vi,250 |
| 650 ## - SUBJECT ADDED ENTRY--TOPICAL TERM | |
| Topical term or geographic name entry element | samskrati |
| 9 (RLIN) | 176842 |
| 650 ## - SUBJECT ADDED ENTRY--TOPICAL TERM | |
| Topical term or geographic name entry element | sabhyata |
| 9 (RLIN) | 176843 |
| 650 ## - SUBJECT ADDED ENTRY--TOPICAL TERM | |
| Topical term or geographic name entry element | Bharatiy |
| 9 (RLIN) | 176844 |
| 650 ## - SUBJECT ADDED ENTRY--TOPICAL TERM | |
| Topical term or geographic name entry element | aur |
| 9 (RLIN) | 176845 |
| 690 ## - LOCAL SUBJECT ADDED ENTRY--TOPICAL TERM (OCLC, RLIN) | |
| Topical term or geographic name as entry element | Hindi Miscellaneous |
| 9 (RLIN) | 176846 |
| 906 ## - LOCAL DATA ELEMENT F, LDF (RLIN) | |
| a | 069957 |
| 942 ## - ADDED ENTRY ELEMENTS (KOHA) | |
| Source of classification or shelving scheme | Dewey Decimal Classification |
| Koha item type | Book |
| Withdrawn status | Lost status | Damaged status | Not for loan | Collection code | Home library | Current library | Shelving location | Date acquired | Source of acquisition | Cost, normal purchase price | Total Checkouts | Full call number | Barcode | Date last seen | Date last checked out | Price effective from | Koha item type |
|---|---|---|---|---|---|---|---|---|---|---|---|---|---|---|---|---|---|
| St Aloysius Library | St Aloysius Library | 02/17/2021 | Vidya Vihar Govind Nagar Kanpur | 895.00 | 1 | H891.8 SHUB | 069957 | 02/16/2024 | 10/31/2023 | 02/17/2021 | Book |